Graphical techniques for multivariate data (Record no. 44893)

MARC details
000 -LEADER
fixed length control field 00912nam a2200265 a 4500
008 - FIXED-LENGTH DATA ELEMENTS--GENERAL INFORMATION
fixed length control field 120416s1978 ||||||||||||||||| || u
020 ## - INTERNATIONAL STANDARD BOOK NUMBER
International Standard Book Number 0444194614
050 ## - LIBRARY OF CONGRESS CALL NUMBER
Classification number BF 39 Eve
100 ## - MAIN ENTRY--PERSONAL NAME
Personal name Everitt, Brian
245 10 - TITLE STATEMENT
Title Graphical techniques for multivariate data
260 ## - PUBLICATION, DISTRIBUTION, ETC.
Place of publication, distribution, etc. New York :
Name of publisher, distributor, etc. North-Holland
Date of publication, distribution, etc. 1978.
300 ## - PHYSICAL DESCRIPTION
Extent 117 p. : ill.
350 ## - PRICE (NR) (BK AM CF MU VM SE) [OBSOLETE]
Price 0.00
500 ## - GENERAL NOTE
General note Bibliography: p. 109-113.
650 ## - SUBJECT ADDED ENTRY--TOPICAL TERM
Topical term or geographic name entry element MEDICAL--RESEARCH
650 ## - SUBJECT ADDED ENTRY--TOPICAL TERM
Topical term or geographic name entry element FACTOR ANALYSIS, STATISTICAL
650 ## - SUBJECT ADDED ENTRY--TOPICAL TERM
Topical term or geographic name entry element Multidimensional scaling - Graphic methods
650 ## - SUBJECT ADDED ENTRY--TOPICAL TERM
Topical term or geographic name entry element Sociometric technics
650 #0 - SUBJECT ADDED ENTRY--TOPICAL TERM
Topical term or geographic name entry element SOCIAL SCIENCES--RESEARCH
650 ## - SUBJECT ADDED ENTRY--TOPICAL TERM
Topical term or geographic name entry element DATA DISPLAY
650 ## - SUBJECT ADDED ENTRY--TOPICAL TERM
Topical term or geographic name entry element PSYCHOLOGY--RESEARCH
650 ## - SUBJECT ADDED ENTRY--TOPICAL TERM
Topical term or geographic name entry element PHILOSOPHY
650 ## - SUBJECT ADDED ENTRY--TOPICAL TERM
Topical term or geographic name entry element COMPUTERS, DIGITAL
995 ## - RECOMMENDATION 995 [LOCAL, UNIMARC FRANCE]
-- 0.00
-- CBU-MAIN LIBRARY (Kitwe)
-- 1
-- 8.50
-- 1
-- AVAILABLE
-- May 12, 2006
-- Main Library Open Access Collection
Holdings
Withdrawn status Lost status Source of classification or shelving scheme Damaged status Not for loan Home library Current library Shelving location Date acquired Total Checkouts Full call number Barcode Date last seen Price effective from Koha item type
          CBU-MAIN LIBRARY, KITWE. CBU-MAIN LIBRARY, KITWE.   11/30/2022   BF 39 Eve 45748 11/30/2022 11/30/2022 MONOGRAPH